Термо-, фото- и газостимулированные превращения наноразмерных пленок висмута, оксида молибдена (VI) и системы на их основе: автореферат диссертации на соискание ученой степени кандидата химических наук; спец. 02.00.04

Bibliografske podrobnosti
Glavni avtor: Суровая В. Э. Виктория Эдуардовна
Korporativna značnica: Кузбасский государственный технический университет (КузГТУ) Кафедра химии, технологии неорганических веществ и наноматериалов
Drugi avtorji: Черкасова Т. Г. Татьяна Григорьевна (научный руководитель)
Izvleček:Защита сост. 26.06.2015 г.
Jezik:ruščina
Izdano: Омск, 2015
Teme:
Format: MixedMaterials Knjiga
KOHA link:https://koha.lib.tpu.ru/cgi-bin/koha/opac-detail.pl?biblionumber=302056

MARC

LEADER 00000nam0a2200000 4500
001 302056
005 20231102001449.0
035 |a (RuTPU)RU\TPU\book\327251 
090 |a 302056 
100 |a 20150818d2015 k y0rusy50 ca 
101 0 |a rus 
102 |a RU 
105 |a a dm 001zy 
200 1 |a Термо-, фото- и газостимулированные превращения наноразмерных пленок висмута, оксида молибдена (VI) и системы на их основе  |e автореферат диссертации на соискание ученой степени кандидата химических наук  |e спец. 02.00.04  |f В. Э. Суровая  |g Кузбасский государственный технический университет (КузГТУ), Кафедра химии, технологии неорганических веществ и наноматериалов ; науч. рук. Т. Г. Черкасова 
210 |a Омск  |d 2015 
215 |a 23 с.  |c ил. 
300 |a Защита сост. 26.06.2015 г. 
320 |a Библиогр.: с. 22-23 (10 назв.). 
606 1 |a Пленки наноразмерные  |x Химия  |2 stltpush  |3 (RuTPU)RU\TPU\subj\74603  |9 86749 
610 1 |a висмут 
610 1 |a свойства 
610 1 |a оксид молибдена 
610 1 |a термопревращения 
610 1 |a фотостимулированные превращения 
610 1 |a газообразный аммиак 
610 1 |a воздействие 
610 1 |a авторефераты диссертаций 
675 |a 544.72.02(04)  |v 3 
686 |a 02.00.04  |2 oksvnk 
700 1 |a Суровая  |b В. Э.  |g Виктория Эдуардовна 
702 1 |a Черкасова  |b Т. Г.  |g Татьяна Григорьевна  |4 727 
712 0 2 |a Кузбасский государственный технический университет (КузГТУ)  |b Кафедра химии, технологии неорганических веществ и наноматериалов  |c (Кемерово)  |2 stltpush  |3 (RuTPU)RU\TPU\col\89 
801 1 |a RU  |b 63413507  |c 20150818 
801 2 |a RU  |b 63413507  |c 20150915  |g RCR 
942 |c BK